000 01650cam a22004694i 4500
003 PE-LiUPU
005 20250731184552.0
008 150616s r 000 0 d
035 _a(Sirsi) a3432
040 _aPE-LiUPU
_bspa
_cPE-LiUPU
_erda
049 _aPRUA
082 0 4 _a985.0163
_bG69
_221
100 1 _aGonzález Carré, Enrique,
_eautor.
245 1 4 _aLos señoríos Chankas.
264 1 _aLima :
_bEpígrafe Editores,
_c1992.
300 _a153 páginas :
_bilustraciones láms., fotos, mapas ;
_c21 cm.
336 _atext
_2rdacontent
337 _aunmediated
_2rdamedia
338 _avolume
_2rdacarrier
504 _aIncluye bibliografía.
505 0 _aEl paisaje geográfico -- El espacio cultural Chanka -- El proceso histórico previo -- Arqueología y los asentamientos humanos -- Arqueología y cultura material -- Los pueblos y su historia.
526 _aP136
526 _aP135
526 _aP134
526 _aP133
526 _aP144
526 _aP143
526 _aP87
526 _aP35
526 _aP20
526 _aP14
526 _aP10
526 _aP06
650 0 4 _aCHANCAS (SEÑORIO).
910 _ajck
_bjvq
_cjck
942 _2ddc
_cBOOK
949 _a985.0163 G69
_wDEWEY
_c1
_i33627
_lCCODEBUL1
_mBUL
_p00.00
_r0
_sY
_tBOOK
_u19930415
_xEDUCACION
_PP20
_0COMPRA
_o.STAFF. Colección General
994 _aC0
_bPEPRU
596 _a1
999 _a985.0163 G69
_wDEWEY
_c42164
_i33627
_d42164
_e2015-8-19
_f2021-11-8
_g5
_lCCODEBUL1
_mBUL
_n2
_r0
_sY
_tBOOK
_u2015-6-16
_xBIBLIOTECA
_PP20
_0COMPRA
_o.STAFF. Colección General
980 _81
_gALBERTO SANCHEZ Responsable de Automatización